[Event "March 1800+"]
[Site "SchemingMind.com"]
[Date "2015.03.11"]
[Round "-"]
[White "Ramesh Panwar"]
[Black "Robert Bruce"]
[Result "1/2-1/2"]
[WhiteCountry "IND"]
[BlackCountry "SCO"]
[WhiteElo "2342"]
[WhiteRD "55"]
[BlackElo "2123"]
[BlackRD "67"]
[GameID "376522"]

1. e4 Nf6 2. e5 Nd5 3. d4 d6 4. Nf3 dxe5 5. Nxe5 c6 6. Be2 Bf5 7. O-O Nd7 8. g4 Be6 9. f4 Nxe5 10. fxe5 g5
11. c4 Nf4 12. Bxf4 gxf4 13. Nc3 Bh6 14. Kh1 Qa5 15. Qe1 O-O-O 16. Qh4 Bg7 17. Rxf4 Qb6 18. Rd1 Qxb2 19. Rf3 Qc2 20. Qxe7 h5
21. gxh5 Rxh5 22. Rb1 Rd7 23. Qa3 Bxc4 24. Qxa7 b5 25. Qa8+ Kc7 26. Re3 Bxe2 27. Qa7+=
1/2-1/2

[Event "March 1800+"]
[Site "SchemingMind.com"]
[Date "2015.03.10"]
[Round "-"]
[White "Robert Bruce"]
[Black "shg"]
[Result "1/2-1/2"]
[WhiteCountry "SCO"]
[BlackCountry "POL"]
[WhiteElo "2145"]
[WhiteRD "68"]
[BlackElo "2274"]
[BlackRD "73"]
[GameID "376523"]

1. f4 d5 2. Nf3 c5 3. e3 e6 4. Bb5+ Bd7 5. Bxd7+ Qxd7 6. b3 Nc6 7. Bb2 f6 8. Qe2 Be7 9. Nc3 Nh6 10. O-O-O O-O
11. Kb1 a6 12. d4 cxd4 13. Nxd4 Nxd4 14. Rxd4 f5 15. e4 Bf6 16. Rd3 fxe4 17. Nxe4 Bxb2 18. Kxb2 Rae8 19. Rf1 Nf5 20. g4 Nh4
21. Qd2 Ng6 22. Ng3 Qd6 23. Rdf3 Re7 24. f5 Ne5 25. Rf4 Ref7 26. Nh5 exf5 27. gxf5 Nc6 28. Kb1 d4 29. R4f2 a5 30. Rg1 Kh8
31. f6 g6 32. Rxg6 hxg6 33. Qh6+ Rh7 34. Qg7+ Rxg7 35. fxg7+ Kg8 36. gxf8=Q+ Qxf8 37. Rxf8+ Kxf8 38. Nf4 Kf7 39. Nd3 g5 40. Kc1 Nb4
41. Kd2 Nxa2 42. Ne5+ Kf6 43. Nc4 b5 44. Nxa5 Ke6 45. Nc6 Kd5=
1/2-1/2

[Event "March 1800+"]
[Site "SchemingMind.com"]
[Date "2015.03.10"]
[Round "-"]
[White "shg"]
[Black "Robert Bruce"]
[Result "1/2-1/2"]
[WhiteCountry "POL"]
[BlackCountry "SCO"]
[WhiteElo "2274"]
[WhiteRD "73"]
[BlackElo "2145"]
[BlackRD "68"]
[GameID "376524"]

1. d4 Nf6 2. c4 c5 3. d5 b5 4. cxb5 a6 5. e3 axb5 6. Bxb5 Qa5+ 7. Nc3 Bb7 8. Bd2 Qb6 9. Nf3 Nxd5 10. a4 e6
11. a5 Qc7 12. Nxd5 Bxd5 13. O-O Be7 14. Bc3 O-O 15. Qa4 Bc6 16. Qg4 g6 17. Be2 Bxf3 18. Bxf3 d5 19. Rfc1 Nc6 20. Qa4 Bd6
21. g3 Rfb8 22. b3 Be5 23. Bxe5 Nxe5 24. Be2 Qd6 25. a6 Nc6 26. Qa3 Nb4 27. Qb2 Rb6 28. Ra4 c4 29. Qa3 Nd3 30. Rd1 Qf8
31. Qxf8+ Kxf8 32. Ra3 Rbxa6 33. Rxa6 Rxa6 34. bxc4 dxc4 35. Bxd3 cxd3= 36. Rxd3 g5 37. g4 Ke7 38. Kg2 h6 39. Rb3 f5 40. h3 Kf6
41. Rb8 Ra4 42. Kg3 Rc4 43. Rh8 Kg6 44. Rg8+ Kf6 45. Rh8 Kg6 46. Rg8+ Kf6 47. Rf8+ Kg7 48. Ra8=
1/2-1/2

[Event "March 1800+"]
[Site "SchemingMind.com"]
[Date "2015.03.12"]
[Round "-"]
[White "fanfan_la_Tulipe"]
[Black "David Perna-Fraser"]
[Result "1/2-1/2"]
[WhiteCountry "AUT"]
[BlackCountry "CAN"]
[WhiteElo "2084"]
[WhiteRD "74"]
[BlackElo "2274"]
[BlackRD "61"]
[GameID "376536"]

1. d4 Nf6 2. c4 c5 3. d5 d6 4. Nc3 g6 5. e4 Bg7 6. h3 O-O 7. Nf3 e6 8. Bd3 exd5 9. exd5 Re8+ 10. Be3 Bh6
11. O-O Bxe3 12. fxe3 Qe7 13. e4 Nbd7 14. Qd2 Ne5 15. Nxe5 Qxe5 16. Qf4 Kg7 17. Nb5 Rd8 18. Qxe5 dxe5 19. g4 Bd7 20. Nd6 Bxg4
21. Nxb7 Bxh3 22. Rf3 Bg4 23. Rf2 Rdc8 24. Raf1 Rc7 25. Nxc5 Nh5 26. Nb3 Nf4 27. Rxf4 exf4 28. Rxf4 Bd7 29. c5 Rac8 30. e5 Rxc5
31. Nxc5 Rxc5 32. Rd4 g5 33. b4 Rc3 34. d6 h5 35. a4 h4 36. Bb5 Bxb5 37. axb5 Rc8 38. Rd5 Kg6 39. Rc5 Rd8 40. Rc7 Kf5
41. Rxa7 Kxe5=
1/2-1/2

[Event "March 1800+"]
[Site "SchemingMind.com"]
[Date "2015.03.12"]
[Round "-"]
[White "David Perna-Fraser"]
[Black "fanfan_la_Tulipe"]
[Result "0-1"]
[WhiteCountry "CAN"]
[BlackCountry "AUT"]
[WhiteElo "2273"]
[WhiteRD "57"]
[BlackElo "2078"]
[BlackRD "74"]
[GameID "376537"]

1. e4 e5 2. Nf3 Nc6 3. Bc4 Nf6 4. Ng5 d5 5. exd5 Na5 6. Bb5+ c6 7. dxc6 bxc6 8. Qf3 Rb8 9. Bxc6+ Nxc6 10. Qxc6+ Nd7
11. d3 Be7 12. Nf3 Bb7 13. Qc4 O-O 14. Nc3 Rc8 15. Qg4 f5 16. Qa4 Bc6 17. Qb3+ Kh8 18. O-O Bxf3 19. gxf3 Rc6 20. f4 Rg6+
21. Kh1 Bc5 22. Be3 Qh4 23. Rg1 Rh6 24. Rg2 exf4 25. Qd5 fxe3 26. Qxd7 g5 27. fxe3 Bd6 28. Kg1 Bxh2+ 29. Kf1 Bd6 30. Ke2 f4
0-1

[Event "March 1800+"]
[Site "SchemingMind.com"]
[Date "2015.03.11"]
[Round "-"]
[White "Kent"]
[Black "David Perna-Fraser"]
[Result "1/2-1/2"]
[WhiteCountry "USA"]
[BlackCountry "CAN"]
[WhiteElo "2174"]
[WhiteRD "61"]
[BlackElo "2257"]
[BlackRD "58"]
[GameID "376538"]

1. d4 f5 2. Bg5 h6 3. Bh4 g5 4. e4 Nf6 5. e5 e6 6. exf6 Qxf6 7. Qh5+ Qf7 8. Qxf7+ Kxf7 9. Bg3 f4 10. Bxf4 gxf4
11. Nh3 Bg7 12. c3 e5 13. Bc4+ Ke7 14. dxe5 Bxe5 15. Nd2 c6 16. O-O-O d5 17. Nf3 Bc7 18. Rhe1+ Kf6 19. Bb3 Na6 20. c4 dxc4
21. Bxc4 b5 22. Bb3 Bg4 23. Nd4 Rhe8 24. Rxe8 Rxe8 25. f3 Bxh3 26. gxh3 Be5 27. Rd2 Bxd4 28. Rxd4 Re1+ 29. Kd2 Ke5 30. Rxf4 Kxf4
31. Kxe1 Ke3 32. Bf7 c5 33. f4 Kxf4 34. Kd2 Ke4 35. Kc3 Nc7 36. a4 a6 37. axb5 axb5 38. b4 Nd5+=
1/2-1/2

[Event "March 1800+"]
[Site "SchemingMind.com"]
[Date "2015.03.10"]
[Round "-"]
[White "David Perna-Fraser"]
[Black "Kent"]
[Result "1/2-1/2"]
[WhiteCountry "CAN"]
[BlackCountry "USA"]
[WhiteElo "2257"]
[WhiteRD "58"]
[BlackElo "2174"]
[BlackRD "61"]
[GameID "376539"]

1. e4 e6 2. d4 d5 3. exd5 exd5 4. Nf3 Nc6 5. Bb5 Bd6 6. O-O Ne7 7. c4 dxc4 8. Bxc4 O-O 9. Nc3 h6 10. d5 Ne5
11. Nxe5 Bxe5 12. Re1 Ng6 13. g3 Bd6 14. Be3 Re8 15. Bd4 a6 16. Qh5 Bd7 17. f4 Rxe1+ 18. Rxe1 Qf8 19. Ne4 Re8 20. Re3 Nh8
21. a3 b5 22. Bb3 a5 23. Qe2 a4 24. Ba2 Ng6 25. f5 Ne5 26. f6 g6 27. h3 h5 28. Kg2 Nc4 29. Bxc4 bxc4 30. Qxc4 h4
31. g4 Qh6 32. Ba7 Qf4 33. Nxd6 Qxd6 34. Rxe8+ Bxe8 35. Bf2 Qxf6 36. Qxc7 Qxb2 37. Qd8 Qe5 38. Bxh4 Qe4+ 39. Kg1 Qe3+ 40. Bf2 Qe5
41. d6 Qa1+ 42. Kg2 Qe5 43. d7 Qd5+ 44. Kg1=
1/2-1/2

[Event "March 1800+"]
[Site "SchemingMind.com"]
[Date "2015.03.10"]
[Round "-"]
[White "Stephen Woodhouse"]
[Black "David Perna-Fraser"]
[Result "0-1"]
[WhiteCountry "ENG"]
[BlackCountry "CAN"]
[WhiteElo "1859"]
[WhiteRD "49"]
[BlackElo "2257"]
[BlackRD "58"]
[GameID "376540"]

1. e4 e6 2. d4 d5 3. Nd2 c5 4. exd5 exd5 5. Bb5+ Nc6 6. Qe2+ Be7 7. dxc5 Nf6 8. Nb3 O-O 9. Be3 Re8 10. O-O-O a5
11. a4 Ne4 12. Nf3 Bf8 13. Rhe1 Nxc5 14. Nxc5 Bxc5 15. Bxc6 bxc6 16. Qd2 Bb4 17. c3 Be7 18. Bg5 f6 19. Bf4 Bg4 20. h3 Bxf3
21. gxf3 Qd7 22. h4 Qf5 23. Re2 Bc5 24. Rde1 Rxe2 25. Rxe2 h5 26. Be3 Bd6 27. f4 Re8 28. c4 Bb4 29. Qc2 Qg4 30. cxd5 cxd5
31. Qd3 d4
0-1

[Event "March 1800+"]
[Site "SchemingMind.com"]
[Date "2015.03.10"]
[Round "-"]
[White "David Perna-Fraser"]
[Black "Stephen Woodhouse"]
[Result "1-0"]
[WhiteCountry "CAN"]
[BlackCountry "ENG"]
[WhiteElo "2257"]
[WhiteRD "58"]
[BlackElo "1859"]
[BlackRD "49"]
[GameID "376541"]

1. e4 e5 2. Nf3 Nf6 3. Nxe5 d6 4. Nxf7 Kxf7 5. d4 c5 6. dxc5 Qa5+ 7. Nc3 Qxc5 8. Be3 Qa5 9. Bc4+ Be6 10. Bxe6+ Kxe6
11. Qe2 Nc6 12. O-O-O Be7 13. g4 Rhe8 14. g5 Nd7 15. Qc4+
1-0

[Event "March 1800+"]
[Site "SchemingMind.com"]
[Date "2015.03.10"]
[Round "-"]
[White "Robert Bruce"]
[Black "David Perna-Fraser"]
[Result "1-0"]
[WhiteCountry "SCO"]
[BlackCountry "CAN"]
[WhiteElo "2123"]
[WhiteRD "67"]
[BlackElo "2257"]
[BlackRD "56"]
[GameID "376542"]

1. d4 f5 2. g3 Nf6 3. Bg2 e6 4. Nd2 Nc6 5. c3 Be7 6. e4 fxe4 7. Nxe4 b6 8. Nh3 Bb7 9. O-O O-O 10. Re1 Na5
11. Nxf6+ Bxf6 12. d5 Rf7 13. Nf4 e5 14. Nh5 g6 15. Qg4 Ba6 16. Bh6 Bd3 17. Nxf6+ Qxf6 18. f4 Nc4 19. Bg5 Qg7 20. d6 c6
21. Be7 Rf5 22. Qh3 Nxb2 23. fxe5 Bc4 24. Bf6 Qf8 25. Be4 Rxf6 26. exf6 Qxd6 27. Rab1 Na4 28. Rbd1 Qxf6 29. Qxd7 Rf8 30. Qxc6 Qf2+
31. Kh1 Nc5 32. Bd5+ Bxd5+ 33. Qxd5+ Kg7 34. Qd4+ Kg8 35. Re7
1-0

[Event "March 1800+"]
[Site "SchemingMind.com"]
[Date "2015.03.10"]
[Round "-"]
[White "David Perna-Fraser"]
[Black "Robert Bruce"]
[Result "1/2-1/2"]
[WhiteCountry "CAN"]
[BlackCountry "SCO"]
[WhiteElo "2257"]
[WhiteRD "56"]
[BlackElo "2123"]
[BlackRD "67"]
[GameID "376543"]

1. e4 Nf6 2. Nc3 e5 3. Nf3 Nc6 4. Bc4 Nxe4 5. Nxe4 d5 6. Bd3 dxe4 7. Bxe4 Bd6 8. O-O O-O 9. Re1 Re8 10. d3 Bg4
11. Be3 Qd7 12. c3 h6 13. b4 Be6 14. d4 Bf5 15. dxe5 Bxe4 16. exd6 cxd6 17. Nd4 Bd5 18. Nb5 Ne7 19. Nxa7 Bc4 20. a4 Nd5
21. Qd4 Nxe3 22. Rxe3=
1/2-1/2

[Event "March 1800+"]
[Site "SchemingMind.com"]
[Date "2015.03.11"]
[Round "-"]
[White "David Perna-Fraser"]
[Black "Ramesh Panwar"]
[Result "1/2-1/2"]
[WhiteCountry "CAN"]
[BlackCountry "IND"]
[WhiteElo "2257"]
[WhiteRD "58"]
[BlackElo "2354"]
[BlackRD "56"]
[GameID "376544"]

1. e4 e5 2. Nf3 Nc6 3. Bc4 Nf6 4. Ng5 d5 5. exd5 Na5 6. Bb5+ c6 7. dxc6 bxc6 8. Be2 h6 9. Nf3 e4 10. Ne5 Bc5
11. c3 O-O 12. O-O Qc7 13. d4 exd3 14. Nxd3 Bd6 15. g3 Bf5 16. b4 Nc4 17. Nd2 Nxd2 18. Bxd2 a5 19. a3 Rfd8 20. Be3 Be5
21. Qc2 Ne4 22. Nxe5 Nxg3 23. Bd3 Qxe5 24. Bd4 Bxd3 25. Bxe5 Bxc2 26. hxg3 Rd3 27. Bd4 Bb3 28. Rab1 Bd5 29. Rfe1 axb4 30. axb4 Ra2
31. Ra1= Rxa1 32. Rxa1 f6 33. Kf1 Bf3 34. Re1 Kf7 35. Re3 Rd1+ 36. Re1 Rd2 37. Re3 Bd5 38. Ke1 Ra2 39. Bc5 g5 40. f4 gxf4
41. gxf4 Kg6=
1/2-1/2

[Event "March 1800+"]
[Site "SchemingMind.com"]
[Date "2015.03.11"]
[Round "-"]
[White "Ramesh Panwar"]
[Black "David Perna-Fraser"]
[Result "1/2-1/2"]
[WhiteCountry "IND"]
[BlackCountry "CAN"]
[WhiteElo "2354"]
[WhiteRD "56"]
[BlackElo "2257"]
[BlackRD "58"]
[GameID "376545"]

1. e4 e5 2. Nf3 Nf6 3. Nxe5 d6 4. Nf3 Nxe4 5. Qe2 Qe7 6. d3 Nf6 7. Nc3 Qxe2+ 8. Bxe2 Be7 9. O-O O-O 10. Be3 Nc6
11. Rfe1 Be6 12. Nb5 Rac8 13. Bxa7 b6 14. Nfd4 Nxd4 15. Nxd4 Bd8 16. Nxe6 fxe6 17. Bf3 d5 18. Rxe6 Kf7 19. Rae1 Ra8 20. Bxb6 cxb6
21. a3 Ra7 22. h4 Re7 23. Rxe7+ Bxe7 24. d4 Rc8 25. c3 Rc6 26. g3 Re6 27. Rxe6 Kxe6 28. Kf1 Ne4 29. Ke2 b5 30. Ke3 Nd6=
1/2-1/2

[Event "March 1800+"]
[Site "SchemingMind.com"]
[Date "2015.03.11"]
[Round "-"]
[White "David Perna-Fraser"]
[Black "shg"]
[Result "0-1"]
[WhiteCountry "CAN"]
[BlackCountry "POL"]
[WhiteElo "2257"]
[WhiteRD "56"]
[BlackElo "2314"]
[BlackRD "74"]
[GameID "376546"]

1. e4 c6 2. d4 d5 3. Nc3 dxe4 4. Nxe4 Nd7 5. Nf3 Ngf6 6. Nc3 Nb6 7. Be2 Bg4 8. a4 a5 9. O-O e6 10. h3 Bh5
11. Ne5 Bxe2 12. Qxe2 Qxd4 13. Re1 Bc5 14. Bg5 h6 15. Bxf6 gxf6 16. Nd3 Be7 17. Qh5 Kf8 18. Rad1 Rh7 19. Re4 Qd6 20. Qf3 f5
21. Ree1 Bg5 22. Ne5 Qc7 23. Qg3 Rc8 24. f4 Bf6 25. Qe3 Rg7 26. Qc5+ Kg8 27. Re2 Kh7 28. Qxa5 Be7 29. Nf3 Qxf4 30. Qxb6 Qxf3
31. Kh1 Qf4 32. Qd4 Qb8 33. Qe5 Qxe5 34. Rxe5 Bf6 35. Re3 Rcg8 36. Re2 Rg3 37. Rd7 Bxc3 38. bxc3 Kg6 39. Rxb7 Ra8 40. Rb4 Rxc3
41. Kg1 c5 42. Rb3 Rc4 43. Ra3 Raxa4 44. Rxa4 Rxa4 45. Kf2 Kf6 46. Kf3 Ra3+ 47. Kf2 Rc3
0-1

[Event "March 1800+"]
[Site "SchemingMind.com"]
[Date "2015.03.11"]
[Round "-"]
[White "shg"]
[Black "David Perna-Fraser"]
[Result "1/2-1/2"]
[WhiteCountry "POL"]
[BlackCountry "CAN"]
[WhiteElo "2314"]
[WhiteRD "74"]
[BlackElo "2257"]
[BlackRD "56"]
[GameID "376547"]

1. d4 f5 2. c4 Nf6 3. Nf3 e6 4. g3 Be7 5. Bg2 O-O 6. O-O d6 7. Nc3 Ne4 8. Nxe4 fxe4 9. Ne1 d5 10. f3 dxc4
11. fxe4 Rxf1+ 12. Bxf1 c5 13. e3 Nc6 14. Nf3 Bf6 15. Bxc4 cxd4 16. exd4 b5 17. Bf1 Nxd4 18. Be3 Nxf3+ 19. Qxf3 Bb7 20. Bxb5 Bxb2
21. Rd1 Qf6 22. Qg4 Qe5 23. Bd7 Bxe4 24. Qxe6+ Kh8 25. Qxe5 Bxe5 26. Rc1 h6 27. Bc6 Bxc6 28. Rxc6 a5= 29. a4 Bf6 30. Kg2 Rb8
31. Bb6 Bd8 32. Bxd8 Rxd8 33. Rc5 Rd2+ 34. Kh3 g5 35. Rxa5 Kg7 36. Rc5=
1/2-1/2